| 000 | 01167cas a2200241 a 4500 | ||
|---|---|---|---|
| 005 | 20170526161124.0 | ||
| 008 | 750920c18639999mau x m 0 a0eng | ||
| 022 | 0 | _a0027-4100 | |
| 040 |
_aDLC _cMUL _dFUL _dCOO _dHUL _dOCL _dNYG _dAIP _dHUL _dAIP _dOCL _dAIP _dAGL _dNSD _dDLC _dNST _dDLC _dNST _dIUL _dNST _dSYS _dGUA _dOCLCQ _dNLM _dOCLCQ _dNLGGC _dOCLCQ _dIUL _dNSD _dTJC _dKRTAS _dOCLCQ _dAMAZN _dCUS _dUKMGB _dOCLCF _dCUS _dAU@ _dCUS _dCGU _dEUW _dOCLCQ _dOCL _dCO-BoIAVH |
||
| 041 | 0 | _aeng | |
| 044 | _axxu | ||
| 090 | _aSE | ||
| 245 | 0 | 0 | _aBulletin of the Museum of Comparative Zoology |
| 246 | 1 | 5 |
_aBulletin of the Museum of Comparative Zoology at Harvard College _f1863-1963 |
| 260 |
_aCambridge (Massachusetts, EE. UU.) : _bHarvard University, _c1863- |
||
| 300 |
_bilustraciones ; _c24 - 25 cm. |
||
| 650 | 2 | 6 |
_aZoología _vPublicaciones periódicas |
| 650 | 2 | 6 |
_aAnimales _vPublicaciones periódicas |
| 650 | 2 | 6 |
_aFauna _vPublicaciones periódicas |
| 710 | 2 |
_aHarvard University _bMuseum of Comparative Zoology |
|
| 776 | 0 | 8 |
_iOnline version: _tBulletin of the Museum of Comparative Zoology _x1938-2987 _w(DLC) 2008215341 _w(OCoLC)81149128 |
| 942 |
_2z _cREVISTA _s1 |
||
| 999 |
_c16787 _d16787 |
||